000 00406nam a2200157Ia 4500
008 230718s9999 xx 000 0 und d
041 _aeng
082 _a624
_bLON
100 _aLondhe S.N.
245 _aBasic Civil Engineering
260 _c2003
_bTech-Max Publications
300 _a377
365 _cRs.
_b195.00
700 _aLondhe S.N.,Shastri S.S.& Nikam N.G.
_9188146
906 _cALLIED
_b29.25
999 _c306051
_d306051